|
|
|
|
| LEADER |
01948nam a2200493 4500 |
| 001 |
on1066741440 |
| 003 |
OCoLC |
| 005 |
20200326101157.0 |
| 006 |
m o d |
| 007 |
cr cnu---unuuu |
| 008 |
181121s2018 mau o 000 0 eng d |
| 040 |
|
|
|a N$T
|b eng
|e rda
|e pn
|c N$T
|d OPELS
|d N$T
|d UKMGB
|d OCLCF
|d VT2
|d YDX
|d GrThAP
|
| 015 |
|
|
|a GBB8M4290
|2 bnb
|
| 016 |
7 |
|
|a 019139646
|2 Uk
|
| 019 |
|
|
|a 1081229089
|a 1083576287
|
| 020 |
|
|
|a 9780128162279
|q (electronic bk.)
|
| 020 |
|
|
|a 0128162279
|q (electronic bk.)
|
| 020 |
|
|
|a 0128151005
|
| 020 |
|
|
|a 9780128151006
|
| 035 |
|
|
|a (OCoLC)1066741440
|z (OCoLC)1081229089
|z (OCoLC)1083576287
|
| 050 |
|
4 |
|a TA418.9.C7
|
| 072 |
|
7 |
|a TEC
|x 009000
|2 bisacsh
|
| 072 |
|
7 |
|a TEC
|x 035000
|2 bisacsh
|
| 082 |
0 |
4 |
|a 620.1/1
|2 23
|
| 245 |
0 |
0 |
|a Advances in crystals and elastic metamaterials.
|n Part 1 /
|c edited by Stéphane P.A. Bordas, Daniel S. Balint.
|
| 264 |
|
1 |
|a Cambridge, MA :
|b Academic Press is an imprint of Elsevier,
|c 2018.
|
| 300 |
|
|
|a 1 online resource.
|
| 336 |
|
|
|a text
|b txt
|2 rdacontent
|
| 337 |
|
|
|a computer
|b c
|2 rdamedia
|
| 338 |
|
|
|a online resource
|b cr
|2 rdacarrier
|
| 490 |
1 |
|
|a Advances in applied mechanics ;
|v volume 51
|
| 588 |
0 |
|
|a Online resource; title from PDF title page (ScienceDirect, viewed November 26, 2018).
|
| 650 |
|
0 |
|a Crystals.
|
| 650 |
|
0 |
|a Metamaterials.
|
| 650 |
|
7 |
|a TECHNOLOGY & ENGINEERING / Engineering (General)
|2 bisacsh
|
| 650 |
|
7 |
|a TECHNOLOGY & ENGINEERING / Reference.
|2 bisacsh
|
| 650 |
|
7 |
|a Crystals.
|2 fast
|0 (OCoLC)fst00884667
|
| 650 |
|
7 |
|a Metamaterials.
|2 fast
|0 (OCoLC)fst01741630
|
| 655 |
|
4 |
|a Electronic books.
|
| 700 |
1 |
|
|a Bordas, Stéphane P. A.,
|e editor.
|
| 700 |
1 |
|
|a Balint, Daniel S.,
|e editor.
|
| 776 |
0 |
8 |
|c Original
|z 0128151005
|z 9780128151006
|w (OCoLC)1030487243
|
| 830 |
|
0 |
|a Advances in applied mechanics ;
|v v. 51.
|
| 856 |
4 |
0 |
|3 ScienceDirect
|u https://www.sciencedirect.com/science/bookseries/00652156/51
|z Full Text via HEAL-Link
|